[Event "Santa Clara"]
[Site "Santa Clara"]
[Date "1996.??.??"]
[Round "6"]
[White "Nogueiras, Jesus"]
[Black "Zapata, Alonso"]
[Result "1-0"]
[WhiteElo "2555"]
[BlackElo "2505"]

1.Nf3 Nf6 2.c4 g6 3.Nc3 Bg7 4.d4 O-O 5.e4 d6 6.Be2 e5 7.Be3 Ng4 8.Bg5 f6
9.Bh4 h5 10.h3 Nh6 11.dxe5 dxe5 12.Qxd8 Rxd8 13.Nd5 Nd7 14.Rd1 Nf7 15.Nxc7 Rb8
16.Nd5 g5 17.Bg3 h4 18.Bh2 Nc5 19.Nd2 b5 20.Ne7+ Kf8 21.Nc6 Rxd2 22.Rxd2 Rb6
23.Nxa7 Be6 24.f3  1-0

[Event "Santa Clara"]
[Site "Santa Clara"]
[Date "1996.??.??"]
[Round "8"]
[White "Andonovski, Ljubisa"]
[Black "Zapata, Alonso"]
[Result "1/2-1/2"]
[WhiteElo "2260"]
[BlackElo "2505"]

1.d4 Nf6 2.Nf3 g6 3.c4 Bg7 4.Nc3 O-O 5.e4 d6 6.Be2 e5 7.Be3 Ng4 8.Bg5 f6
9.Bh4 Nc6 10.d5 Ne7 11.h3 Nh6 12.O-O g5 13.Bg3 Ng6 14.Nd2 f5 15.exf5 Nxf5
16.Nde4 Qe7 17.Re1 a5 18.Rc1 Bd7 19.Bg4 b6 20.a3 a4 21.Nb5 Bxb5 22.cxb5 Nd4
23.Rc4 Nxb5 24.Rxa4 Rxa4 25.Qxa4 Nd4 26.Qd7 h6 27.Nc3 Qxd7 28.Bxd7 Nf4 29.Bxf4 exf4
30.Re8 f3 31.Rxf8+ Kxf8 32.Bg4 fxg2 33.a4 Nc2 34.Nb5 Bxb2 35.Kxg2 Ne1+ 36.Kf1 Nd3
37.Nxc7 Ke7 38.Ne6 Kf6 39.Ke2 Nb4 40.Nc7 Ke5 41.Be6 Bd4 42.Bf7 Bc5 43.Bg8 Ke4
44.Bf7 Ke5 45.Bg8 Na2 46.Nb5 Nc1+ 47.Kd2 Nb3+ 48.Ke2 Na5 49.Na7 Ke4 50.Nc6 Nc4
51.Bh7+ Kxd5 52.Bg8+ Kxc6 53.Bxc4 d5 54.Ba6 Kd6 55.Bc8 Ke5 56.f3 Kd4 57.Be6 Kc4
58.Kd2 Bb4+ 59.Kc2 Kd4 60.Bf7 Ba5 61.Kd1 Bb4 62.Ke2 Kc4 63.Be6 Bd6 64.Bf7 Bf4
65.Be6  1/2-1/2

[Event "Santa Clara"]
[Site "Santa Clara"]
[Date "1996.??.??"]
[Round "10"]
[White "Nogueiras, Jesus"]
[Black "Pecorelli Garcia, Humberto"]
[Result "1/2-1/2"]
[WhiteElo "2555"]
[BlackElo "2430"]

1.Nf3 g6 2.d4 Nf6 3.c4 Bg7 4.Nc3 d6 5.e4 O-O 6.Be2 e5 7.Be3 Ng4 8.Bg5 f6
9.Bh4 g5 10.Bg3 Nh6 11.h3 Nc6 12.dxe5 dxe5 13.Qd5+ Kh8 14.Qxd8 Nxd8 15.O-O c6
16.Rfd1 Ne6 17.Bf1 Re8 18.Nd2 Nd4 19.Nb3 Nf7 20.Rac1 Nxb3 21.axb3 Bf8 22.f3 Bc5+
23.Bf2 Bxf2+ 24.Kxf2 Be6 25.Ra1 Kg7 26.Ke3 Kf8 27.b4 a6 28.Na4 Rad8 29.Nc5 Bc8
30.Be2 Rxd1 31.Rxd1 Ke7 32.b5 axb5 33.cxb5 cxb5 34.Bxb5 Rd8 35.Rc1 Nd6 36.Bd3 h5
37.b4 h4 38.Na4 Bd7 39.Nb6 Bc6 40.Rc5 Nc8 41.Nc4 Nd6 42.Nb6 Nc8  1/2-1/2

[Event "Sarospatak op"]
[Site "Sarospatak"]
[Date "1996.??.??"]
[Round "?"]
[White "Hevesi, Zoltan"]
[Black "Kun, Sandor"]
[Result "1/2-1/2"]
[WhiteElo "2175"]
[BlackElo "2210"]

1.d4 Nf6 2.Nf3 d6 3.c4 g6 4.Nc3 Bg7 5.e4 O-O 6.Be2 e5 7.dxe5 dxe5 8.Qxd8 Rxd8
9.Nd5 Nxd5 10.cxd5 c6 11.Bc4 cxd5 12.Bxd5 h6 13.Bd2 Na6 14.Ba5 Re8 15.Rc1 Bf8
16.O-O Nc5 17.Bc7 Nd3 18.Rc3 Nf4 19.Re1 Bb4 20.Nxe5 Nxd5 21.exd5 Bxc3 22.bxc3 f6
23.Nf3 Rxe1+ 24.Nxe1 Bf5 25.f3 Re8 26.Kf2 h5 27.g3 Kf7 28.Ng2 g5 29.Ne3 Bb1
30.Nc4 Re7 31.d6 Rd7 32.Na5 b6 33.Nc6 Bxa2 34.Ne7 Bc4 35.Nc8 b5 36.Nb6 Ke6
37.Nxd7 Kxd7 38.Ke3 f5 39.h4 f4+ 40.Kf2 gxh4 41.gxh4 Bd5 42.Ke2  1/2-1/2

[Event "Sas van Gent"]
[Site "Sas van Gent"]
[Date "1996.??.??"]
[Round "2"]
[White "Vanderstricht, Geert"]
[Black "Van der Weide, Karel"]
[Result "1/2-1/2"]
[WhiteElo "2230"]
[BlackElo "2365"]

1.d4 Nf6 2.c4 g6 3.Nc3 Bg7 4.e4 d6 5.Nf3 O-O 6.Be2 Nbd7 7.O-O e5 8.Re1 c6
9.Bf1 a5 10.Rb1 Re8 11.d5 Nc5 12.b3 Bd7 13.dxc6 Bxc6 14.Bg5 Qb8 15.Nd2 Ne6
16.Be3 Nd7 17.Nd5 b6 18.a3 Qb7 19.Bd3 Ndc5 20.Bc2 Nd4 21.b4 axb4 22.axb4 Nce6
23.Nf3 Ra7 24.Bxd4 exd4  1/2-1/2

[Event "Sas van Gent op U20"]
[Site "Sas van Gent"]
[Date "1996.??.??"]
[Round "2"]
[White "Gustafsson, Jan"]
[Black "Solleveld, Maarten"]
[Result "1-0"]
[WhiteElo "2310"]
[BlackElo "2080"]

1.d4 Nf6 2.c4 g6 3.Nc3 Bg7 4.e4 d6 5.Nf3 O-O 6.Be2 e5 7.Be3 exd4 8.Nxd4 Re8
9.f3 c6 10.Qd2 d5 11.exd5 cxd5 12.O-O Nc6 13.c5 Rxe3 14.Qxe3 Qf8 15.Nxc6 bxc6
16.Nd1 Rb8 17.Qa3 Nh5 18.f4 Bd4+ 19.Kh1 Bxc5 20.Qc3 Ng7 21.Rc1 Bb6 22.Qxc6 Bb7
23.Qd7 Nf5 24.Bg4 Bc8 25.Qxd5 Ng3+ 26.hxg3 Bxg4 27.Qg5 Bf5 28.Qh4 Qd6 29.Nf2 Qd2
30.Ng4 Bd8 31.Nh6+ Kf8 32.Qh2 Bd3 33.Rfe1 Kg7 34.Nxf7 Kxf7 35.Qxh7+ Kf8 36.Qh8+ Kf7
37.Qe8+  1-0

[Event "Sas van Gent"]
[Site "Sas van Gent"]
[Date "1996.??.??"]
[Round "4"]
[White "Stanke, Juergen"]
[Black "Van der Weide, Karel"]
[Result "1/2-1/2"]
[WhiteElo "2295"]
[BlackElo "2365"]

1.d4 Nf6 2.c4 d6 3.Nc3 Nbd7 4.e4 e5 5.Nf3 g6 6.Be2 Bg7 7.O-O O-O 8.Re1 c6
9.Bf1 a5 10.dxe5 dxe5 11.Na4 Qe7 12.Qc2 Nc5 13.Nxc5 Qxc5 14.Be3 Qe7 15.c5 Ng4
16.Bg5 f6 17.Bd2 Nh6 18.h3 Nf7 19.Be3 Be6 20.Nd2 Bh6 21.Bxh6 Nxh6 22.Re3 Nf7
23.Ra3 Rfd8 24.Nf3 Rd7 25.Qc3 Qd8 26.Be2 Kg7 27.Kh1 h6 28.Rc1 Ng5 29.Nxg5  1/2-1/2

[Event "Sas van Gent op U20"]
[Site "Sas van Gent"]
[Date "1996.??.??"]
[Round "6"]
[White "Gustafsson, Jan"]
[Black "Bekker Jensen, David"]
[Result "1/2-1/2"]
[WhiteElo "2310"]
[BlackElo "2200"]

1.d4 Nf6 2.c4 g6 3.Nc3 Bg7 4.e4 d6 5.Nf3 O-O 6.Be2 e5 7.O-O Na6 8.Be3 Ng4
9.Bg5 Qe8 10.dxe5 dxe5 11.h3 h6 12.Bd2 Nf6 13.Be3 Nh5 14.Re1 Nf4 15.Bf1 Ne6
16.a3 b6 17.Qd2 Nac5 18.Qc2 Nd4 19.Bxd4 exd4 20.Nb5 Ne6 21.e5 Qd8 22.Qe4 Rb8
23.Nbxd4 Bb7 24.Qe3 Re8 25.Nb3 Ng5 26.Nxg5 hxg5 27.Rad1 Qe7 28.e6 Qxe6 29.Qxe6  1/2-1/2

[Event "Sas van Gent"]
[Site "Sas van Gent"]
[Date "1996.??.??"]
[Round "7"]
[White "Goormachtigh, Johan"]
[Black "Van der Weide, Karel"]
[Result "1-0"]
[WhiteElo "2305"]
[BlackElo "2365"]

1.d4 Nf6 2.c4 g6 3.Nc3 Bg7 4.e4 d6 5.Be2 O-O 6.Nf3 Nbd7 7.O-O e5 8.Be3 c6
9.d5 Ng4 10.Bg5 f6 11.Bd2 Qe7 12.b4 Nh6 13.dxc6 bxc6 14.b5 Bb7 15.bxc6 Bxc6
16.Nd5 Bxd5 17.cxd5 Nf7 18.Bb4 Bh6 19.Nd2 a5 20.Ba3 Nc5 21.Bxc5 Bxd2 22.Ba3 Bb4
23.Bxb4 axb4 24.Qd2 Rfb8 25.Rfb1 Qb7 26.a4 Ra5 27.Bb5 Qa7 28.Qxb4 Kg7 29.Qc4 h5
30.Rb3 h4 31.Rc1 Rb7 32.Rh3 g5 33.Qc8 Re7 34.Rhc3 Qd4 35.Qc4 g4 36.Qe2 Nh6
37.Rc4 Qa7 38.Qe3 Qxe3 39.fxe3 Raa7 40.Rc6 Nf7 41.Kf2 Reb7 42.R1c2 Kf8 43.Rc8+ Ke7
44.Re8+  1-0

[Event "Sas van Gent op U20"]
[Site "Sas van Gent"]
[Date "1996.??.??"]
[Round "8"]
[White "Berry, Neil"]
[Black "Pater, Evelien"]
[Result "1/2-1/2"]
[WhiteElo "2010"]
[BlackElo "1855"]

1.Nf3 Nf6 2.c4 g6 3.Nc3 Bg7 4.e4 d6 5.d4 O-O 6.Be2 e5 7.Be3 Ng4 8.Bg5 f6
9.Bh4 exd4 10.Nxd4 Ne5 11.O-O Nbc6 12.Nxc6 Nxc6 13.f4 Be6 14.f5 Bf7 15.Qd2 Ne5
16.b3 c6 17.Rad1 g5 18.Bg3 Qb6+ 19.Bf2 Qa5 20.Nb1 Qxd2 21.Rxd2 Rfd8 22.Rfd1 Bf8
23.Bc5 Rd7 24.Bxd6 Bxd6 25.Rxd6 Rad8 26.Rxd7 Rxd7 27.Rxd7 Nxd7 28.Kf2 Kf8
29.Ke3 c5 30.Nc3 Ke7 31.a3 a5 32.Na4 Kd6 33.h3 Kc6 34.Nc3 Ne5 35.Nb5 b6 36.Nc3 Kd6
37.Na4 Kc6 38.Nb2 Kd6 39.g3 Nc6 40.Na4 Kc7 41.Nc3 Ne5 42.Nb5+ Kc6  1/2-1/2

[Event "Schoeneck-B"]
[Site "Schoeneck"]
[Date "1996.??.??"]
[Round "6"]
[White "Volke, Karsten"]
[Black "Reschke, Stefan"]
[Result "1-0"]
[WhiteElo "2475"]
[BlackElo "2400"]

1.d4 Nf6 2.c4 g6 3.Nc3 Bg7 4.e4 d6 5.Be2 O-O 6.Nf3 e5 7.O-O Na6 8.Bg5 h6
9.Bh4 Qe8 10.Bxf6 Bxf6 11.c5 exd4 12.Nd5 Bd8 13.Bxa6 dxc5 14.Bd3 c6 15.Nf4 Bc7
16.e5 Bg4 17.Re1 g5 18.h3 Bxf3 19.Qxf3 Bxe5 20.Qe4 f5 21.Bc4+ Kh8 22.Qxe5+ Qxe5
23.Ng6+ Kg7 24.Nxe5  1-0

[Event "Schwaebisch Gmund op"]
[Site "Schwaebisch Gmund"]
[Date "1996.??.??"]
[Round "9"]
[White "Adamski, Jan"]
[Black "Gabriel, Josef"]
[Result "1-0"]
[WhiteElo "2395"]
[BlackElo "2200"]

1.Nf3 d6 2.d4 Nf6 3.c4 g6 4.Nc3 Bg7 5.e4 O-O 6.Be2 e5 7.Be3 Ng4 8.Bg5 f6
9.Bc1 Nc6 10.O-O Nh6 11.dxe5 Nxe5 12.Nd4 Nhf7 13.f4 Nc6 14.Be3 Bd7 15.Qd2 Re8
16.Bf3 a6 17.Rad1 Rb8 18.Nxc6 Bxc6 19.Ba7 Ra8 20.Bd4 b5 21.cxb5 axb5 22.a3 Bd7
23.Nd5 c5 24.Bc3 Ra4 25.b3 Rxa3 26.Qb2 b4 27.Bxf6 Rxb3 28.Qxb3 Bxf6 29.Nxf6+ Qxf6
30.e5 Be6 31.Qa4 Qd8 32.exd6 Bc4 33.Rfe1 Nxd6  1-0

[Event "Seefeld op"]
[Site "Seefeld"]
[Date "1996.??.??"]
[Round "?"]
[White "Epishin, Vladimir"]
[Black "Piven, Igor"]
[Result "1-0"]
[WhiteElo "2620"]
[BlackElo "2385"]

1.d4 Nf6 2.c4 g6 3.Nc3 Bg7 4.e4 d6 5.Nf3 O-O 6.Be2 e5 7.O-O Na6 8.Re1 Qe8
9.Bg5 h6 10.Bxf6 Bxf6 11.c5 Nb8 12.Nd5 Bd8 13.cxd6 cxd6 14.dxe5 dxe5 15.Qc1 Bg4
16.Qxh6 Bxf3 17.gxf3 Nc6 18.Bc4 Nd4 19.Kh1 Ne6 20.Rg1 Rc8 21.Rg3 Ng5 22.Rxg5 Bxg5
23.Nf6+  1-0

[Event "Seefeld op"]
[Site "Seefeld"]
[Date "1996.??.??"]
[Round "?"]
[White "Kievelitz, Bernd"]
[Black "Kleinsasser, Franz"]
[Result "1-0"]
[WhiteElo "2145"]
[BlackElo "1970"]

1.Nf3 d6 2.d4 g6 3.c4 Bg7 4.Nc3 Nf6 5.e4 O-O 6.Be3 e5 7.Be2 Re8 8.d5 Nh5
9.Qd2 a5 10.O-O Na6 11.Ne1 Nf4 12.Nd3 Nxd3 13.Bxd3 Nc5 14.Bc2 f5 15.f3 f4
16.Bf2 h5 17.a3 Nd7 18.b4 g5 19.c5 g4 20.cxd6 cxd6 21.Nb5 Nf8 22.bxa5 Ng6
23.Bb6 Qh4 24.Nxd6 g3 25.h3 Bxh3 26.gxh3 Qxh3 27.Qg2 Qd7 28.Nf5 h4 29.Qh3 Kh7
30.Qg4 Rh8 31.Qh5+ Kg8 32.Qxg6 h3 33.Ba4 Qf7 34.Qxf7+ Kxf7 35.Rfc1 Bf6 36.d6  1-0

[Event "Sheffield"]
[Site "Sheffield"]
[Date "1996.??.??"]
[Round "2"]
[White "Buckley, Graeme"]
[Black "Britton, Richard"]
[Result "1/2-1/2"]
[WhiteElo "2385"]
[BlackElo "2330"]

1.d4 Nf6 2.c4 g6 3.Nc3 Bg7 4.e4 d6 5.Be2 O-O 6.Nf3 e5 7.d5 Nbd7 8.Bg5 h6
9.Bh4 g5 10.Bg3 Nh5 11.Nd2 Nf4 12.O-O a5 13.b3 Nc5 14.f3 f5 15.a3 fxe4 16.Ncxe4 Nxe4
17.Nxe4  1/2-1/2

[Event "SLO-ch (Women)"]
[Site "SLO"]
[Date "1996.??.??"]
[Round "?"]
[White "Marusic, Nada"]
[Black "Mihevc, Narcisa"]
[Result "0-1"]
[WhiteElo "2115"]
[BlackElo "2235"]

1.d4 Nf6 2.Nf3 g6 3.c4 Bg7 4.Nc3 O-O 5.e4 d6 6.Be2 e5 7.dxe5 dxe5 8.Qxd8 Rxd8
9.Bg5 Re8 10.O-O-O h6 11.Bxf6 Bxf6 12.Nd5 Bd8 13.h4 Nd7 14.g4 c6 15.Ne3 Nc5
16.Nd2 a5 17.h5 Kg7 18.Rh2 Bg5 19.Rdh1 Be6 20.Nf3 Bf4 21.hxg6 fxg6 22.Rg2 Nxe4
23.Kc2 Nxf2 24.Rxf2 Bxe3 25.Rg2 Bf4 26.Nd2 Rad8 27.Bd3 Bxd2 28.Rxd2 Bxg4
29.Rg2 e4 30.Bf1 Bf3  0-1

[Event "SLO-chT sf"]
[Site "SLO"]
[Date "1996.??.??"]
[Round "1"]
[White "Podkoritnik, S."]
[Black "Ankerst, Mihael"]
[Result "0-1"]
[WhiteElo "2140"]
[BlackElo "2355"]

1.d4 Nf6 2.c4 g6 3.Nc3 Bg7 4.e4 d6 5.Be2 O-O 6.Nf3 Na6 7.O-O e5 8.dxe5 dxe5
9.Qxd8 Rxd8 10.Bg5 c6 11.Nxe5 Re8 12.f4 Nc5 13.Bf3 h6 14.Bh4 g5 15.Bf2 Ne6
16.fxg5 Nxg5 17.Bg3 Nfxe4 18.Bxe4 Bxe5 19.Bxe5 Rxe5 20.Rae1 Kg7 21.Bd3 Rxe1
22.Rxe1 Be6 23.Re3 h5 24.Re5 Kf6 25.Re3 h4 26.h3 Rd8 27.Kf2 Kg7 28.b3 f5
29.Ne2 Kf6 30.Nf4 Bf7 31.g4 fxg4 32.hxg4 Rd4 33.Nh5+ Bxh5 34.gxh5 Rf4+ 35.Kg2 Nf7
36.Be2 Ne5 37.Kh3 Rd4 38.h6 Ng6 39.h7 Rd7 40.Rf3+ Kg5 41.Re3 Rxh7 42.Kh2 Re7
43.Rxe7 Nxe7 44.Kg2 Ng6 45.Kf3 Nf4 46.Bf1 Kf5 47.b4 b6 48.b5 c5 49.a3 h3
50.Kg3 Ke4  0-1

[Event "SLO-chT sf"]
[Site "SLO"]
[Date "1996.??.??"]
[Round "2"]
[White "Vesel, M."]
[Black "Praznik, Niko"]
[Result "0-1"]
[WhiteElo "1850"]
[BlackElo "2145"]

1.d4 Nf6 2.c4 d6 3.Nf3 Nbd7 4.Nc3 g6 5.e4 e5 6.Be2 Bg7 7.O-O O-O 8.d5 Nc5
9.Qc2 a5 10.Be3 Nfd7 11.Nd2 f5 12.f3 f4 13.Bf2 g5 14.b3 Rf7 15.a3 Bf8 16.b4 Na6
17.Na2 Rg7 18.Rfc1 h5 19.c5 g4 20.c6 Nf6 21.cxb7 Bxb7 22.bxa5 gxf3 23.Bxf3 Ng4
24.Nf1 Nxf2 25.Qxf2 Nc5 26.Rc3 Rxa5 27.Nb4 Be7 28.Nd2 Bh4 29.Qe2 Qa8 30.Bxh5 Ra4
31.Nc2 Bc8 32.Bf3 Qa5 33.Rc4 Ba6 34.Rxa4 Qxa4 35.Qd1 Qa5 36.Nb4 Qb6 37.Kh1 Bb5
38.Qc2 Na4 39.Rb1 Qe3  0-1

[Event "SLO-chT sf"]
[Site "SLO"]
[Date "1996.??.??"]
[Round "3"]
[White "Lampic, Gorazd"]
[Black "Vesel, M."]
[Result "1-0"]
[WhiteElo "1965"]
[BlackElo "1845"]

1.d4 Nf6 2.c4 g6 3.Nc3 Bg7 4.e4 d6 5.Nf3 O-O 6.Be2 e5 7.d5 Nbd7 8.Bg5 h6
9.Bh4 a5 10.O-O Nc5 11.Qc2 g5 12.Bg3 Nh5 13.h4 g4 14.Nh2 f5 15.exf5 Bxf5
16.Qd2 Nxg3 17.fxg3 h5 18.Rf2 Qe7 19.Raf1 Bg6 20.Bd1 Kh7 21.Bc2 Bh6 22.Bxg6+ Kxg6
23.Qc2+ Kg7 24.Qe2 Rxf2 25.Rxf2 c6 26.Nf1 Qe8 27.Ne3 Bxe3 28.Qxe3 Qg6 29.Rd2 Rf8
30.Rd1 Rf6 31.b3 Qf5 32.a3 Rg6 33.b4 axb4 34.axb4 Nb3 35.Ne2 Qc2 36.Rd3 Qb1+
37.Kh2 Na1 38.dxc6 bxc6 39.Ra3 Kf6 40.Ra7 Ke6  1-0

[Event "SLO-chT sf"]
[Site "SLO"]
[Date "1996.??.??"]
[Round "3"]
[White "Praznik, Ana"]
[Black "Grobelsek, Ana"]
[Result "1-0"]
[WhiteElo "2025"]
[BlackElo "1720"]

1.d4 Nf6 2.c4 g6 3.Nc3 Bg7 4.e4 d6 5.Nf3 O-O 6.Be2 e5 7.dxe5 dxe5 8.Qxd8 Rxd8
9.Bg5 h6 10.Bxf6 Bxf6 11.Nd5 Nd7 12.Nxc7 Rb8 13.O-O-O b6 14.Nd5 Bb7 15.Nd2 Bg7
16.Nb3 Nc5 17.Nxc5 bxc5 18.Rd3 Bxd5 19.cxd5 Rb4 20.f3 Rdb8 21.Rd2 c4 22.Rc2 c3
23.b3 f5 24.Bc4 h5 25.Rxc3 Bh6+ 26.Kd1 fxe4 27.fxe4 Kf8 28.Rf1+ Ke7 29.Rcf3 Bg5
30.Rf7+ Kd6 31.Rxa7 Kc5 32.Ke2 Kd4 33.Bd3 Kc3 34.g3 Rd4 35.Rd1 Rf8 36.h4 Bh6
37.Rc7+ Kb4 38.Rc4+ Rxc4 39.bxc4 Ra8 40.Bb1 Kxc4 41.Rd3 Rb8 42.Rd1 Ra8 43.d6 Bf8
44.d7 Rd8 45.Rd5 Bg7 46.a4 Bf6 47.Bd3+ Kb4 48.Bb5 Ka5 49.Rd6  1-0

[Event "Sochi"]
[Site "Sochi"]
[Date "1996.??.??"]
[Round "?"]
[White "Baikov, Vladimir A"]
[Black "Saltaev, Mihail"]
[Result "1/2-1/2"]
[WhiteElo "2520"]
[BlackElo "2530"]

1.d4 Nf6 2.c4 d6 3.Nc3 Nbd7 4.e4 e5 5.Nf3 g6 6.Be2 Bg7 7.O-O O-O 8.Qc2 c6
9.Rd1 Qe7 10.d5 c5 11.Bg5 h6 12.Bd2 Nh7  1/2-1/2

[Event "Sochi"]
[Site "Sochi"]
[Date "1996.??.??"]
[Round "?"]
[White "Averkin, Orest N"]
[Black "Komliakov, Viktor"]
[Result "1-0"]
[WhiteElo "2455"]
[BlackElo "2500"]

1.Nf3 d6 2.d4 Nf6 3.c4 g6 4.Nc3 Nbd7 5.e4 e5 6.Be2 Bg7 7.O-O O-O 8.Qc2 Re8
9.d5 Nh5 10.g3 Bf8 11.Rb1 Ng7 12.b4 f5 13.exf5 gxf5 14.Nh4 e4 15.f3 exf3
16.Nxf3 Be7 17.Bh6 Bf6 18.Bd3 Ne5 19.Nxe5 Bxe5 20.Bxg7 Bxg7 21.Bxf5 Bxf5
22.Rxf5 Qe7 23.Rf3 Rf8 24.Rxf8+ Rxf8 25.Ne4 Rf5 26.Rf1 Re5 27.Rf4 h5 28.Kg2 a6
29.a4 c6 30.Qd3 cxd5 31.cxd5 Bh6 32.Nf6+ Kh8 33.Rf5 Re2+ 34.Kh3 h4 35.Rh5 Rxh2+
36.Kxh2 hxg3+ 37.Kxg3 Qxf6 38.Qf5 Qc3+ 39.Qf3 Qg7+ 40.Kh3 b5 41.axb5 axb5
42.Rh4 Kh7 43.Rg4 Bg5 44.Qf5+ Kh6 45.Re4 Qc3+ 46.Kg4 Bf6 47.Qf3 Qa1 48.Kf5 Kg7
49.Ke6 Bg5 50.Qf5 Qc1 51.Kd7 Qg1 52.Kc6  1-0

[Event "BUL-ch"]
[Site "Sofia"]
[Date "1996.??.??"]
[Round "1"]
[White "Georgiev, Veselin"]
[Black "Dimitrov, Vladimir"]
[Result "0-1"]
[WhiteElo "2280"]
[BlackElo "2530"]

1.d4 Nf6 2.c4 g6 3.Nc3 Bg7 4.e4 d6 5.Be2 O-O 6.Nf3 e5 7.d5 a5 8.Bg5 h6 9.Bh4 Na6
10.Nd2 Bd7 11.O-O Qb8 12.a3 Nh7 13.Kh1 h5 14.f3 Bh6 15.b3 Qa7 16.Ra2 Be3
17.Qb1 g5 18.Be1 h4 19.b4 Nf6 20.Nd1 Nh5 21.c5 Bf4 22.cxd6 Ng3+ 23.hxg3 hxg3
24.b5 Kg7 25.b6 Rh8+ 26.Kg1 Rh1+ 27.Kxh1 Qb8  0-1

[Event "BUL-ch"]
[Site "Sofia"]
[Date "1996.??.??"]
[Round "1"]
[White "Nikolov, Sasho"]
[Black "Petrov, Marijan"]
[Result "0-1"]
[WhiteElo "2395"]
[BlackElo "2400"]

1.d4 Nf6 2.c4 g6 3.Nc3 Bg7 4.e4 d6 5.Nf3 O-O 6.Be2 e5 7.O-O Qe8 8.d5 Nh5
9.g3 f5 10.exf5 Bxf5 11.Ng5 Na6 12.Be3 h6 13.Nf3 Nf6 14.Re1 Ng4 15.Nh4 h5
16.Bxg4 hxg4 17.Nb5 Bf6 18.Nxf5 gxf5 19.h3 gxh3 20.Kh2 Qg6 21.Rg1 Rf7 22.Nxa7 Nc5
23.Nb5 e4 24.Nd4 Nd3 25.f4 Bxd4 26.Bxd4 Qg4 27.Qd2 c5 28.dxc6 bxc6 29.a4 c5
30.Bc3 Rb7 31.a5  0-1

[Event "BUL-ch"]
[Site "Sofia"]
[Date "1996.??.??"]
[Round "2"]
[White "Berovski, Krum"]
[Black "Dimitrov, Atanas"]
[Result "0-1"]
[WhiteElo "2325"]
[BlackElo "2280"]

1.d4 Nf6 2.c4 g6 3.Nc3 Bg7 4.e4 d6 5.Be2 O-O 6.Nf3 e5 7.d5 Qe8 8.Nd2 a5 9.h4 h5
10.Nf1 Na6 11.Bg5 Nc5 12.Nb5 Qd7 13.f3 Ne8 14.Nd2 f5 15.Be3 fxe4 16.Nxe4 Nxe4
17.fxe4 Nf6 18.Nc3 c6 19.O-O Qd8 20.Qd2 cxd5 21.cxd5 Bd7 22.g3 a4  0-1

[Event "RUS-Cup1 Chigorin mem"]
[Site "St Petersburg"]
[Date "1996.??.??"]
[Round "1"]
[White "Aleksandrov, Aleksej"]
[Black "Soloviov, Sergei"]
[Result "1-0"]
[WhiteElo "2550"]
[BlackElo "2410"]

1.d4 Nf6 2.c4 g6 3.Nc3 Bg7 4.e4 d6 5.Be2 O-O 6.Nf3 e5 7.d5 a5 8.Nd2 Ne8 9.h4 Na6
10.h5 Nc5 11.hxg6 hxg6 12.Nb3 Nxb3 13.axb3 Bd7 14.g4 c6 15.Qd3 f6 16.c5 dxc5
17.dxc6 bxc6 18.Na4 Be6 19.Qh3 Qd4 20.Be3 Qxe4 21.O-O-O Qb4 22.Qh7+ Kf7 23.Rh6 Rh8
24.Qxg6+ Kg8 25.Rxh8+ Kxh8 26.Bd3  1-0

[Event "Petrov mem"]
[Site "St Petersburg"]
[Date "1996.??.??"]
[Round "2"]
[White "Savon, Vladimir A"]
[Black "Timoshenko, Georgy"]
[Result "1/2-1/2"]
[WhiteElo "2435"]
[BlackElo "2500"]

1.d4 Nf6 2.Nf3 g6 3.c4 Bg7 4.Nc3 O-O 5.e4 d6 6.Be2 e5 7.d5 a5 8.Nd2 Na6 9.h4 c6
10.h5 Bd7 11.g4 cxd5 12.cxd5 b5 13.Nxb5 Nxg4 14.Nc3 Nf6 15.Nc4 Qc7 16.Be3 Rfc8
17.hxg6 fxg6 18.Rc1 Nc5 19.Rh4 h5 20.f3 Kf7 21.Qd2 Be8 22.Kf2 a4  1/2-1/2

[Event "RUS-Cup1 Chigorin mem"]
[Site "St Petersburg"]
[Date "1996.??.??"]
[Round "5"]
[White "Klimenko, Sergey"]
[Black "Kazakov, Vladimir"]
[Result "1-0"]
[WhiteElo "2345"]
[BlackElo "2250"]

1.d4 Nf6 2.c4 g6 3.Nc3 Bg7 4.e4 O-O 5.Be2 d6 6.Nf3 e5 7.d5 a5 8.Bg5 Nbd7
9.O-O h6 10.Bh4 g5 11.Bg3 Nc5 12.Nd2 Ne8 13.f3 f5 14.exf5 Bxf5 15.Nde4 Nxe4
16.Nxe4 Nf6 17.Bd3 Nxe4 18.Bxe4 Bxe4 19.fxe4 Rxf1+ 20.Qxf1 Qf6 21.Qxf6 Bxf6
22.Bf2 g4 23.Be3 h5 24.Rf1 Kg7 25.Rf5 Kg6 26.Bd2 b6 27.Kf1 a4 28.Ke2 Rb8
29.Be3 b5 30.c5 b4 31.c6 Rb5 32.Rf1 b3 33.a3 Rb8 34.Rc1 h4 35.Rc4 Bg5 36.Rxa4 g3
37.hxg3 hxg3 38.Rb4 Rf8 39.Rxb3 Bxe3 40.Kxe3 Rf2 41.a4 Rxg2 42.Kf3 Rg1 43.Kg4 Re1
44.Rxg3 Kf6 45.Kf3 Rb1 46.Rg2 Rc1 47.Re2 Rc4 48.b3 Rc1 49.Re3 Ra1 50.Rc3 Rh1
51.Ke2 Kg5 52.Rc4 Kf4 53.a5 Rb1 54.Rb4 Ra1 55.Ra4 Rb1 56.a6 Rb2+ 57.Kd1 Ke3
58.Kc1 Rg2 59.a7 Kd3 60.a8=Q  1-0

[Event "RUS-Cup1 Chigorin mem"]
[Site "St Petersburg"]
[Date "1996.??.??"]
[Round "5"]
[White "Aleksandrov, Aleksej"]
[Black "Loskutov, Oleg"]
[Result "1-0"]
[WhiteElo "2550"]
[BlackElo "2395"]

1.d4 Nf6 2.c4 g6 3.Nc3 Bg7 4.e4 d6 5.Be2 O-O 6.Nf3 e5 7.d5 a5 8.Nd2 Nbd7
9.h4 h5 10.Nf3 Nc5 11.Ng5 Bd7 12.Be3 Ng4 13.Bxg4 Bxg4 14.f3 Bd7 15.Qe2 f6
16.Nh3 Qe8 17.O-O-O Na4 18.Nb5 Qb8 19.Qc2 Nc5 20.Rhg1 Rc8 21.Nf2 c6 22.dxc6 Rxc6
23.g4 Be6 24.gxh5 Na6 25.Kb1 Bxc4 26.Qd2 Nb4 27.Nc3 Qc8 28.Rxg6 Bxa2+ 29.Nxa2 Rc2
30.h6 Rxd2 31.Rxd2 Qc4 32.Nc3 Rc8 33.Ng4 Qf1+ 34.Rd1 Qxf3 35.hxg7 f5 36.Nh6+ Kh7
37.g8=Q+ Rxg8 38.Rxg8 Qxe3 39.Nxf5 Qf3 40.Rg3 Qf2 41.Rdg1  1-0

[Event "RUS-Cup1 Chigorin mem"]
[Site "St Petersburg"]
[Date "1996.??.??"]
[Round "5"]
[White "Volkov, Sergey"]
[Black "Soloviov, Sergei"]
[Result "1-0"]
[WhiteElo "2485"]
[BlackElo "2410"]

1.d4 Nf6 2.c4 g6 3.Nc3 Bg7 4.e4 d6 5.Be2 O-O 6.Nf3 e5 7.Be3 Ng4 8.Bg5 f6
9.Bh4 Nc6 10.d5 Ne7 11.Nd2 Nh6 12.f3 g5 13.Bf2 f5 14.h3 Ng6 15.g4 fxg4 16.hxg4 Nf4
17.Rh2 c5 18.Qc2 a6 19.a4 Bd7 20.a5 Rb8 21.Bd1 Nf7 22.Nf1 h5 23.Ng3 h4 24.Nf1 b5
25.axb6 Qxb6 26.b3 Ra8 27.Ne3 Rfb8 28.Kf1 Nh6 29.Be1 Rf8 30.Kg1 Ng6 31.Qc1 Nf4
32.Qb1 Qd8 33.Raa2 Qf6 34.Na4 Rab8 35.Ba5 Ng6 36.Bd2 Rf7 37.Nc3 Bc8 38.Rb2 Nf4
39.Be1 Bf8 40.Na2 Ng6 41.b4 cxb4 42.Rxb4 Rxb4 43.Nxb4 Rb7 44.Qa2 Qd8 45.Nc6 Qb6
46.Qa3 Nf4 47.Ba5 Qb1 48.Nb4 Nxg4 49.fxg4 Bxg4 50.Qb3 Qa1 51.Ra2 Bxd1 52.Qxd1 Qxd1+
53.Nxd1 g4 54.Ne3 g3 55.Nf5 Be7 56.Rb2 Nh3+ 57.Kg2 Nf4+ 58.Kf3 g2 59.Rxg2+ Nxg2
60.Kxg2 Kf7 61.Kh3 Ke8 62.Kg4 Kd7 63.Nxe7 Kxe7 64.Kxh4 Ke8 65.Kg5 Rf7 66.c5 Rf4
67.cxd6 Rxe4 68.Kf5  1-0

[Event "St Petersburg-ch"]
[Site "St Petersburg"]
[Date "1996.??.??"]
[Round "7"]
[White "Epishin, Vladimir"]
[Black "Svidler, Peter"]
[Result "1/2-1/2"]
[WhiteElo "2620"]
[BlackElo "2650"]

1.d4 Nf6 2.c4 g6 3.Nc3 Bg7 4.e4 d6 5.Nf3 O-O 6.Be2 e5 7.O-O exd4 8.Nxd4 Re8
9.f3 Nc6 10.Be3 Nh5 11.Nc2 Be5 12.Nd5 Ne7 13.f4 Nxd5 14.exd5 Bxb2 15.Rb1 Bg7
16.Bxh5 Bf5 17.Bf2 gxh5 18.Rxb7 Bg4 19.Qd2 Re2 20.Qd3 Qc8 21.Rb3 Qf5 22.Qxf5 Bxf5
23.Nd4 Bxd4 24.Bxd4 h4 25.h3 Rae8 26.Bf6 Rxa2 27.Bxh4 Ree2 28.Rf2 Rxf2 29.Bxf2 Rc2
30.c5 dxc5 31.Rb7 Be4 32.Rxa7 Rc1+ 33.Kh2 Rc2  1/2-1/2

[Event "RUS-Cup1 Chigorin mem"]
[Site "St Petersburg"]
[Date "1996.??.??"]
[Round "7"]
[White "Volkov, Sergey"]
[Black "Zontakh, Andrey"]
[Result "1-0"]
[WhiteElo "2485"]
[BlackElo "2550"]

1.d4 Nf6 2.c4 g6 3.Nc3 Bg7 4.e4 d6 5.Be2 O-O 6.Nf3 e5 7.Be3 c6 8.d5 Ng4 9.Bg5 f6
10.Bh4 c5 11.Nd2 Nh6 12.f3 Nf7 13.a3 Bh6 14.Bf2 Nd7 15.Qc2 Kh8 16.h4 Rg8
17.g3 f5 18.exf5 gxf5 19.Qxf5 Bxd2+ 20.Kxd2 Nf6 21.Qc2 e4 22.Nxe4 Bf5 23.Rae1 Ne5
24.Kc1 Bxe4 25.fxe4 Qe8 26.h5 a6 27.Ref1 Nfg4 28.Bxg4 Rxg4 29.Be1 b5 30.Rf6 bxc4
31.Re6 Qf8 32.Qe2 Qg7 33.h6 Qg8 34.Kb1 Re8 35.Rxd6 Rxg3 36.Bxg3 Qxg3 37.Rf1 Ng6
38.Re6 Rb8 39.Qf3 Qc7 40.Qc3+ Kg8 41.d6  1-0

[Event "RUS-Cup1 Chigorin mem"]
[Site "St Petersburg"]
[Date "1996.??.??"]
[Round "8"]
[White "Shchukin, Dmitry"]
[Black "Rogovoi, Mark"]
[Result "1-0"]
[WhiteElo "2320"]
[BlackElo "2255"]

1.d4 Nf6 2.c4 g6 3.Nc3 Bg7 4.e4 d6 5.Nf3 O-O 6.Be2 e5 7.d5 a5 8.Bg5 h6 9.Bh4 Qe8
10.Nd2 Na6 11.O-O Nh7 12.a3 Bd7 13.b3 Qc8 14.Rb1 f5 15.f3 g5 16.Bf2 f4 17.b4 axb4
18.axb4 h5 19.c5 Rf6 20.c6 Be8 21.cxb7 Qxb7 22.Nc4 Qc8 23.b5 Nb8 24.b6 Qb7
25.Qb3 Bf8 26.bxc7 Qxc7 27.Nb6 Ra5 28.Rfc1 Na6 29.Bxa6 Rxa6 30.Nb5 Qf7 31.Nc7 Ra5
32.Nc4 Ra4 33.Qb8 Bd7 34.Nb6 Ra2 35.Qd8 Ba4 36.Nxa4 Rxa4 37.Ne8 Rh6 38.Rc7 Qg6
39.Rg7+ Qxg7 40.Nxg7  1-0